small farm credit and development (Record no. 15451)
[ view plain ]
| 000 -LEADER | |
|---|---|
| fixed length control field | 00269nam a22001097a 4500 |
| 082 ## - DEWEY DECIMAL CLASSIFICATION NUMBER | |
| Classification number | 332.710967 VAS |
| 100 ## - MAIN ENTRY--PERSONAL NAME | |
| Personal name | vasthoff, Josef |
| 245 ## - TITLE STATEMENT | |
| Title | small farm credit and development |
| 260 ## - PUBLICATION, DISTRIBUTION, ETC. | |
| Place of publication, distribution, etc. | London |
| Name of publisher, distributor, etc. | Weltoforum verlag |
| Date of publication, distribution, etc. | 1968 |
| 300 ## - PHYSICAL DESCRIPTION | |
| Extent | 144p. |
| Other physical details | ill, 21cm. |
| 942 ## - ADDED ENTRY ELEMENTS (KOHA) | |
| Koha item type | Books |
| Withdrawn status | Lost status | Source of classification or shelving scheme | Damaged status | Not for loan | Home library | Current library | Shelving location | Date acquired | Full call number | Barcode | Date last seen | Price effective from | Koha item type |
|---|---|---|---|---|---|---|---|---|---|---|---|---|---|
| Dewey Decimal Classification | IFM Main Campus Library | IFM Main Campus Library | 02/18/2016 | 332.710967 VAS | 0000005310 | 02/18/2016 | 02/18/2016 | Books |
